|
|
|
|
| LEADER |
01071cam a2200277 4500 |
| 001 |
4553427 |
| 003 |
GR-PaULI |
| 005 |
20241106092700.0 |
| 008 |
730925s1973 nyu b 001 0 eng |
| 952 |
|
|
|0 0
|1 0
|2 ddc
|4 0
|6 516_360000000000000_HER
|7 0
|9 232563
|a LISP
|b LISP
|c BSC
|d 2019-06-03
|i 124203
|l 0
|o 516.36 HER
|p 025000041049
|r 2019-06-03 00:00:00
|t 1
|v 2019.00
|w 2019-06-03
|y BK15
|
| 999 |
|
|
|c 141238
|d 141238
|
| 010 |
|
|
|a 72095842
|
| 020 |
|
|
|a 0824760522
|
| 040 |
|
|
|a DLC
|c GR-PaULI
|b gre
|e AACR2
|
| 082 |
0 |
0 |
|a 516.36
|2 23
|
| 100 |
1 |
|
|a Hermann, Robert
|d 1931-
|9 4498
|e συγγραφέας.
|
| 245 |
1 |
0 |
|a Geometry, physics, and systems /
|c Robert Hermann.
|
| 260 |
|
|
|a New York :
|b M. Dekker,
|c 1973.
|
| 300 |
|
|
|a x, 304 σ. ;
|c 24 εκ.
|
| 490 |
1 |
|
|a Pure and applied mathematics
|v 18.
|
| 504 |
|
|
|a Περιλαμβάνει βιβλιογραφία.
|
| 650 |
|
4 |
|a Γεωμετρία, Διαφορική
|9 2180
|
| 650 |
|
4 |
|a Φυσική
|9 2689
|
| 830 |
|
0 |
|a Monographs and textbooks in pure and applied mathematics
|v 18.
|9 167439
|
| 942 |
|
|
|2 ddc
|c BK15
|
| 998 |
|
|
|c ΜΠΟΥΡΑΣ
|d 2019-06
|